| 000 | 01521nam a2200277 a 4500 | ||
|---|---|---|---|
| 001 | BRCA_8771 | ||
| 005 | 20190320210413.0 | ||
| 008 | 310317s1778----sp-#######---#000-0#spa-# | ||
| 041 | _aspa | ||
| 044 | _asp | ||
| 084 |
_aBE135 _b.G35 1778 |
||
| 100 | 1 |
_aGallo y Fuentes, Nicolas _d1690 - 1757 _921705 |
|
| 245 | 1 | 0 |
_aPlaticas predicadas _cpor el P. D. Nicolas Gallo y Fuentes; las da a luz Don Francisco Ignacio de Cortines... |
| 260 |
_aMadrid _bPor D. Manuel Martin, calle de la Cruz _c1778 |
||
| 300 |
_a[6], 374 p . (t.4) _c20.5 x 15 cm. |
||
| 500 | _aCon las licencias necesarias | ||
| 500 | _aEstado físico: presenta encuadernación en pergamino, con lomo semi desprendido | ||
| 500 | _aCon marca de fuego: “Procedencia de la marca: Convento de San Francisco de Querétaro(1). Institución: Orden de Frailes Menores. Provincia de San Pedro y San Pablo de Michoacán. Descripción: Monograma conformado por las letras iniciales S[an] F[rancisco] D[e] Q[uerétar]o. Observaciones: David Saavedra la asigna a la Academia de Dibujo de San Fernando de Querétaro. Ubicación de la marca en el libro: Canto superior e inferior” | ||
| 650 | 1 | 4 |
_aTeología pastoral _yS. XVIII _921706 |
| 700 | 1 |
_aAstorga, Diego de _cCardenal _921847 |
|
| 700 | 1 |
_aManuel Martin _eImpresor _921848 |
|
| 700 | 1 |
_aCortines, Francisco Ignacio de _921707 |
|
| 856 | _ahttp://www.marcasdefuego.buap.mx:8180/xmLibris/projects/firebrand/item.jsp?repository=marcas_de_fuego&key=520e29d1.xml&num=16 | ||
| 902 | _aCFM | ||
| 942 |
_2lcc _cB |
||
| 999 |
_c8422 _d8422 |
||